000 01073nam a22002537a 4500
001 81262
003 BD-RjUL
005 20231127104718.0
008 230226s2016 bg a|||| m||| 00| 0 eng d
035 _a(BD-RjUL)81262
040 _aBD-RjUL
_beng
_cBD-RjUL
_dBD-RjUL
041 _aeng
082 _223
_a616.954922
_bCHR 2016
100 _aChowdhury, Md. Al Jahidi Hasan
_97081
245 1 0 _aRisk factors of Hospital acquired infections among patients admitted in a selected Hospital in Dhaka /
_cMd. Al Jahidi Hasan Chowdhury ;
_6Supervisor : Md. Matiar Rahman.
260 _aRajshahi :
_bDepartment of Biochemistry & Molecular Biology Faculty of Science, University of Rajshahi,
_c2016.
300 _aix, -152- leaves :
_bill, ;
_c29.cm.
502 _aThesis (Ph. D.) -- Department of Biochemistry & Molecular Biology Faculty of Science, University of Rajshahi, 2016
504 _aBibliography : Leaves - 136 - 152-
650 _aInfections
_zBangladesh
_97082
650 _aDiseases
_zDhaka
_97083
700 _aRahman, Md. Matiar, Supervisor
_94851
942 _2ddc
_cTHE
999 _c81262
_d81262